[Event "45th Olympiad 2024"]
[Site "Budapest HUN"]
[Date "2024.09.18"]
[Round "7.30"]
[Board "2"]
[White "Sahidi, Samir"]
[Black "Hossain, Enamul"]
[Result "1-0"]
[WhiteElo "2474"]
[BlackElo "2354"]
[PlyCount "121"]
[EventDate "2024.09.11"]
[WhiteTeam "Slovakia"]
[BlackTeam "Bangladesh"]
[WhiteTeamCountry "SVK"]
[BlackTeamCountry "BAN"]

1. e4 c5 2. Nf3 e6 3. d4 cxd4 4. Nxd4 Nc6 5. Nc3 Qc7 6. Be3 a6 7. Qd2 Nf6 8. f3 Be7 9. O-O-O b5 10. Nxc6 dxc6 11. Qf2 ({RR} 11. g4 e5 12. Kb1 O-O 13. Qf2 Be6 14. h4 Rfd8 15. Bd3 Nd7 16. f4 exf4 17. Bxf4 Qa5 18. Kc1 b4 19. Nb1 Qxa2 20. g5 c5 21. b3 c4 22. Bxc4 Bxc4 23. bxc4 Nc5 24. Qe3 b3 25. Qc3 bxc2 {0-1 Barzen,P (2254)-Korneev,O (2465) 2nd Bundesliga Sud 23-24 2023 (10.4)}) 11... O-O ({RR} 11... e5 12. Bb6 Qb7 13. Bc5 O-O 14. Bd6 Bxd6 15. Rxd6 Ne8 16. Rd2 Qa7 17. Qxa7 Rxa7 18. Be2 Nc7 19. Rd6 Ne6 20. Rhd1 Rc7 21. Nb1 Nc5 22. Rd8 Nb7 23. R8d3 Be6 24. b3 g5 25. Kb2 a5 26. Rc3 {½-½ Grover,S (2478)-Hossain,E (2452) Mumbai Mayors Cup 10th 2017 (8)}) 12. g4 Rd8 13. Be2 $146 ({RR} 13. Rxd8+ Qxd8 14. g5 Nd7 15. h4 e5 16. Be2 Nf8 17. Rd1 Qe8 18. Qg3 Bb4 19. h5 Qe6 20. Kb1 Bd7 21. h6 g6 22. Bf1 Re8 23. Ne2 Bc8 24. c3 Ba5 25. Ng1 Qe7 26. Bh3 Bxh3 27. Nxh3 Bc7 {1-0 Sarkar,J (2346)-Fonseca Manrique,E (2169) Titled Tuesday intern op 02nd Aug Late blitz 2022 (6)}) 13... Rxd1+ 14. Rxd1 e5 15. Bb6 Qb7 16. Bc5 h6 17. b3 Be6 18. Kb2 a5 19. a4 Bxc5 20. Qxc5 Nd7 21. Qd6 b4 22. Nd5 cxd5 23. exd5 Bxg4 24. fxg4 Nf6 25. Bc4 e4 26. Qf4 Qd7 27. h3 Rd8 28. d6 Qe8 29. g5 hxg5 30. Qxg5 Qf8 31. Qxa5 Rxd6 32. Rg1 Rc6 33. Qg5 Kh8 34. Kb1 Rc5 35. Qg3 Rf5 36. Rd1 Qe7 37. Re1 g6 38. Qe3 Kg7 39. Qb6 Nd5 40. Qd4+ Nf6 41. Kb2 Kh7 42. Ra1 e3 43. a5 e2 44. Re1 Qc7 45. a6 Rf4 46. Qd3 Qa5 47. Qxe2 Re4 48. Qxe4 Nxe4 49. Rxe4 Qc7 50. Bd3 Qc5 51. Re8 f5 52. Kb1 f4 53. Re6 f3 54. Rxg6 Kh8 55. Rf6 f2 56. Rf7 Kg8 57. a7 Kxf7 58. a8=Q Qe3 59. Qd5+ Kg7 60. h4 Qe1+ 61. Ka2 1-0

[Event "45th Olympiad 2024"]
[Site "Budapest HUN"]
[Date "2024.09.18"]
[Round "7.30"]
[Board "3"]
[White "Murshed, Niaz"]
[Black "Druska, Juraj"]
[Result "1/2-1/2"]
[WhiteElo "2318"]
[BlackElo "2441"]
[PlyCount "105"]
[EventDate "2024.09.11"]
[WhiteTeam "Bangladesh"]
[BlackTeam "Slovakia"]
[WhiteTeamCountry "BAN"]
[BlackTeamCountry "SVK"]

1. d4 d5 2. c4 e6 3. Nc3 c6 4. e3 f5 5. Bd3 Bd6 6. Qc2 Nh6 7. f4 ({RR} 7. Bd2 O-O 8. Nge2 Kh8 9. h3 Nd7 10. cxd5 exd5 11. g4 Nb6 12. g5 Qxg5 13. e4 Qh4 14. e5 Be7 15. Bf4 Nf7 16. O-O-O Bg5 17. Qd2 Bxf4 18. Qxf4 Qe7 19. h4 Nd8 20. Qg5 Qxg5+ 21. hxg5 Ne6 {½-½ Kostov,D (2236)-Gusain,H (2491) Basel Carnival Open 2024 (3.1)}) 7... O-O 8. Nf3 b6 9. O-O $146 ({RR} 9. Bd2 Bb7 10. O-O Nd7 11. Qb3 Qe7 12. Be1 Nf6 13. Bh4 Qf7 14. a4 Ne4 15. a5 Ng4 16. Rae1 Bc7 17. h3 Ngf6 18. cxd5 {½-½ Bernal Moro,L (2400)-Rojo Huerta,G (2360) Caceres 1995}) 9... Bb7 10. Rb1 a5 11. Na4 Nd7 12. c5 bxc5 13. dxc5 Bc7 14. b4 e5 15. Be2 axb4 16. Rxb4 Ba6 17. Nb6 Bxe2 18. Qxe2 Ra7 19. Nxd7 Qxd7 20. Nxe5 Bxe5 21. fxe5 Qe7 22. Qb2 Ng4 23. Rb8 Qxe5 24. Rxf8+ Kxf8 25. Qxe5 Nxe5 26. Rxf5+ Nf7 27. Rf2 Kg8 28. Rb2 Ne5 29. Rb8+ Kf7 30. Bb2 Nd3 31. Bd4 g5 32. Rb3 Nc1 33. Rb6 Rxa2 34. Rxc6 Ne2+ 35. Kf1 Nxd4 36. exd4 Rd2 37. Rh6 Rxd4 38. Rxh7+ Kg6 39. Rd7 Rd2 40. g4 Rxh2 41. Rd6+ Kf7 42. Rxd5 Kf6 43. Rf5+ Kg6 44. Rd5 Kf6 45. Rf5+ Kg6 46. Rf2 Rh4 47. Rc2 Rxg4 48. c6 Rf4+ 49. Kg2 Rf8 50. c7 Rc8 51. Kg3 Kf5 52. Rc5+ Ke6 53. Rxg5 1/2-1/2

[Event "45th Olympiad 2024"]
[Site "Budapest HUN"]
[Date "2024.09.18"]
[Round "7.30"]
[Board "4"]
[White "Kostolansky, Sebastian Lukas"]
[Black "Zia, Tahsin Tajwar"]
[Result "1/2-1/2"]
[WhiteElo "2405"]
[BlackElo "2255"]
[PlyCount "121"]
[EventDate "2024.09.11"]
[WhiteTeam "Slovakia"]
[BlackTeam "Bangladesh"]
[WhiteTeamCountry "SVK"]
[BlackTeamCountry "BAN"]

1. e4 c6 2. d4 d5 3. e5 c5 4. dxc5 e6 5. Nf3 Bxc5 6. a3 f6 7. b4 Be7 8. Bb5+ Bd7 9. Bd3 Nc6 10. Bb2 Nh6 11. c4 dxc4 $146 ({RR} 11... Nf7 12. exf6 Bxf6 13. Qe2 O-O 14. Nc3 a5 15. b5 Ne7 16. O-O Rc8 17. Rac1 Nd6 18. cxd5 exd5 19. Ne5 Re8 20. Nxd7 Qxd7 21. Qh5 Nef5 22. Qf3 Qe6 23. Ba1 Nd4 24. Qxd5 Nb3 25. Rce1 Qxd5 26. Nxd5 {½-½ Bilych,O (2459)-Derige Kane,Y (2237) 1st Ceyreste Cassis Open 2024 (3.7)}) 12. Bxc4 Nf7 13. O-O Ncxe5 14. Nxe5 Nxe5 15. Bxe5 fxe5 16. Qg4 Bf6 17. Rd1 Qe7 18. Nc3 O-O-O 19. Ne4 Kb8 20. Nc5 Bc6 21. Bxe6 Rxd1+ 22. Rxd1 Rd8 23. Rxd8+ Qxd8 24. Bd7 Bxd7 25. Nxd7+ Kc7 26. Nc5 Qd2 27. g3 b6 28. Ne6+ Kd6 29. Nf8 Qc1+ 30. Kg2 Ke7 31. Nxh7 Qxa3 32. Qc8 Qd3 33. Qf8+ Ke6 34. Qg8+ Ke7 35. Qf8+ Ke6 36. Qe8+ Kf5 37. Qh5+ Ke6 38. Qe8+ Kf5 39. Qh5+ Ke6 40. Qg4+ Kf7 41. Nxf6 gxf6 42. h4 Qd5+ 43. Kg1 a5 44. bxa5 bxa5 45. h5 Qd3 46. Kg2 Qd5+ 47. Kh2 Qd3 48. Kg1 Qb1+ 49. Kg2 Qd3 50. Kh2 Qc2 51. Qd7+ Kf8 52. Qd6+ Kf7 53. Qd5+ Kg7 54. Qf3 a4 55. Kg2 f5 56. Qb7+ Kh6 57. Qf7 Qe4+ 58. Kh2 Qg4 59. Qf6+ Kxh5 60. Qxe5 Qe4 61. Qf6 1/2-1/2

[Event "45th Olympiad 2024"]
[Site "Budapest HUN"]
[Date "2024.09.18"]
[Round "7.31"]
[Board "1"]
[White "Camacho Collados, Jose"]
[Black "Tin, Jingyao"]
[Result "0-1"]
[WhiteElo "2352"]
[BlackElo "2580"]
[PlyCount "162"]
[EventDate "2024.09.11"]
[WhiteTeam "Wales"]
[BlackTeam "Singapore"]
[WhiteTeamCountry "WLS"]
[BlackTeamCountry "SIN"]

1. e4 e5 2. Nc3 Nc6 3. Bc4 Nf6 4. d3 Na5 5. Qf3 Nxc4 6. dxc4 Bb4 ({RR} 6... d6 7. Nge2 Be7 8. O-O O-O 9. a4 Be6 10. b3 Nd7 11. Ng3 Bg5 12. Nf5 Bxc1 13. Raxc1 g6 14. Ne3 a5 15. Rcd1 Nc5 16. Qg3 Qf6 17. f3 Qg7 18. Qe1 b6 19. Ned5 f5 20. exf5 Rxf5 21. Qd2 {½-½ Artemiev,V (2692)-Radjabov,T (2742) FIDE World Cup 2017 (2.1)}) 7. a3 $146 ({RR} 7. Nge2 d6 8. h3 Be6 9. b3 h6 10. Bb2 Qe7 11. g4 h5 12. O-O-O O-O-O 13. Qg2 c6 14. f3 a6 15. Kb1 Bc5 16. Rd3 b5 17. cxb5 axb5 18. Rhd1 Kc7 19. a4 b4 20. Na2 Bc8 21. Ng3 g6 {0-1 Adams,W-Pinkus,A USA-ch New York 1944 (3)}) ({RR} 7. Nge2 O-O 8. O-O h6 9. Qg3 Kh8 10. Qxe5 Re8 11. Qd4 d6 12. h3 Bc5 13. Qd3 Qe7 14. Ng3 Qe5 15. Be3 Be6 16. b3 Nh5 17. Bxc5 Qxc5 18. Nxh5 Qxh5 19. f4 Rad8 20. Qd4 a6 21. Rad1 f5 {1-0 Feuerstack,A (2462)-Bardyk,A (2206) Titled Tue 7th Nov Early 2023 (8)}) ({RR} 7. Nge2 d6 8. O-O c6 9. h3 Be6 10. b3 Qe7 11. Be3 h6 12. a3 Ba5 13. Rfd1 g5 14. b4 Bc7 15. c5 g4 16. hxg4 Nxg4 17. cxd6 Bxd6 18. Ng3 Nxe3 19. Qxe3 b6 20. Nf5 Bxf5 21. exf5 O-O-O {½-½ Dunlop,N-Mussainov,B St Gallen ICSC Silent op 2008 (6)}) ({RR} 7. Nge2 d6 8. Bg5 Be6 9. b3 h6 10. Bxf6 Qxf6 11. Qxf6 gxf6 12. O-O-O Ba3+ 13. Kb1 c6 14. f4 Rg8 15. f5 Bd7 16. Ng3 Ke7 17. Rd2 Bb4 18. Kb2 a5 19. a3 Bc5 20. Rhd1 Bd4 21. Nge2 Rxg2 {1-0 Feuerstack,A (2344)-Riesner,D (2108) GER-ch Net blitz qual2 2021 (4)}) 7... Bxc3+ 8. Qxc3 d6 9. f3 Be6 10. Be3 O-O 11. Ne2 Nd7 12. g4 a6 13. Ng3 b5 14. cxb5 axb5 15. Qd2 Rb8 16. Nf5 Nb6 17. Bxb6 Rxb6 18. h4 d5 19. exd5 Bxf5 20. gxf5 Qd7 21. Rg1 Qxf5 22. Qg5 Qxg5 23. Rxg5 f6 24. Rg4 Ra8 25. O-O-O Kf7 26. c4 f5 27. Rg5 g6 28. c5 Rba6 29. h5 Ra4 30. hxg6+ hxg6 31. Rg2 b4 32. axb4 Rxb4 33. Kb1 Rc4 34. c6 Rd8 35. Rc2 Rxc2 36. Kxc2 Ke7 37. Rg1 Kd6 38. Rxg6+ Kxd5 39. Rf6 f4 40. b4 Rb8 41. Kc3 Rb6 42. Rf7 Rxc6+ 43. Kd3 Rc1 44. b5 Rc5 45. Rd7+ Ke6 46. Rh7 Rxb5 47. Rxc7 Rb2 48. Rc2 Rb8 49. Ke2 Kf5 50. Rc7 Rb2+ 51. Kf1 Rb8 52. Ke2 Kg5 53. Rg7+ Kf6 54. Ra7 Ke6 55. Ra5 Kf6 56. Ra7 Kg5 57. Rg7+ Kf5 58. Ra7 Kf6 59. Ra5 Rb2+ 60. Ke1 Kg5 61. Rxe5+ Kh4 62. Kf1 Kg3 63. Ra5 Rb3 64. Ra2 Rb1+ 65. Ke2 Kg2 66. Ra3 Rb8 67. Rc3 Re8+ 68. Kd2 Kf2 69. Rd3 Re7 70. Ra3 Rd7+ 71. Kc2 Ke2 72. Rc3 Rd2+ 73. Kc1 Rd3 74. Rc8 Kxf3 75. Kc2 Rd7 76. Re8 Kf2 77. Kc3 f3 78. Kc2 Kf1 79. Kc3 f2 80. Re6 Rg7 81. Kd2 Kg1 0-1

[Event "45th Olympiad 2024"]
[Site "Budapest HUN"]
[Date "2024.09.18"]
[Round "7.31"]
[Board "2"]
[White "Siddharth, Jagadeesh"]
[Black "Kozusek, Daniel"]
[Result "1-0"]
[WhiteElo "2514"]
[BlackElo "2367"]
[PlyCount "63"]
[EventDate "2024.09.11"]
[WhiteTeam "Singapore"]
[BlackTeam "Wales"]
[WhiteTeamCountry "SIN"]
[BlackTeamCountry "WLS"]

1. e4 c5 2. Nf3 e6 3. Nc3 Nc6 4. h3 Nge7 5. d4 cxd4 6. Nxd4 Nxd4 7. Qxd4 Nc6 8. Qe3 $146 ({RR} 8. Qd1 Bb4 9. Bd2 O-O 10. Qh5 f5 11. a3 Ba5 12. O-O-O fxe4 13. Nxe4 Bxd2+ 14. Rxd2 d5 15. Ng5 h6 16. h4 Qf6 17. g3 Bd7 18. Bd3 Ne5 19. Bh7+ Kh8 20. Rd4 Nc4 21. c3 Qxf2 22. Bc2 Be8 {0-1 Novoselov,R (2279)-Shcherbin,M (2366) Yekaterinburg Rapid 2023 (10.8)}) ({RR} 8. Qd3 Bc5 9. Be2 O-O 10. O-O a6 11. a3 d6 12. Be3 b5 13. Rad1 Bb7 14. Bf4 Nd4 15. Be3 Nc6 16. Bf4 Nd4 17. Be3 e5 18. Bg4 Kh8 19. Ne2 Nxe2+ 20. Bxe2 Qc7 21. Bxc5 dxc5 22. Qe3 Rfd8 {½-½ Lobanov,S (2502)-Vetokhin,S (2427) Aeroflot Open A 2024 (9.24)}) 8... Be7 9. Qg3 O-O 10. Bf4 d6 11. O-O-O Bh4 12. Qd3 Bg5 13. Bxg5 Qxg5+ 14. Qd2 Qc5 15. Qxd6 Qxf2 16. Bb5 Qb6 17. Rhf1 Bd7 18. Qxd7 Rad8 19. Bxc6 Rxd7 20. Bxd7 Qe3+ 21. Kb1 a6 22. Ba4 b5 23. Bb3 b4 24. Na4 Qxe4 25. Nc5 Qa8 26. Rd2 h6 27. Rdf2 Rc8 28. Rxf7 Rxc5 29. Rf8+ Qxf8 30. Bxe6+ Kh7 31. Rxf8 Re5 32. Bg8+ 1-0

[Event "45th Olympiad 2024"]
[Site "Budapest HUN"]
[Date "2024.09.18"]
[Round "7.31"]
[Board "3"]
[White "Toczek, Grzegorz"]
[Black "Wong, Zhenyong Jayden"]
[Result "1-0"]
[WhiteElo "2301"]
[BlackElo "2397"]
[PlyCount "137"]
[EventDate "2024.09.11"]
[WhiteTeam "Wales"]
[BlackTeam "Singapore"]
[WhiteTeamCountry "WLS"]
[BlackTeamCountry "SIN"]

1. e4 c5 2. Nc3 e6 3. Nge2 Nc6 4. g3 d5 5. exd5 exd5 6. d4 Nf6 7. Bg2 cxd4 8. Nxd4 Bg4 9. f3 Bd7 ({RR} 9... Be6 10. Be3 Bb4 11. O-O Bxc3 12. bxc3 O-O 13. Rb1 Qd7 14. Nxe6 Qxe6 15. Re1 Qd7 16. Bg5 Qf5 17. h4 h6 18. g4 Qd7 19. Bxf6 gxf6 20. c4 Rad8 21. cxd5 Qxd5 22. Qxd5 Rxd5 23. Rxb7 Rd2 24. f4 {1-0 So,W (2770)-Artemiev,V (2704) Goldmoney Asian Prelim rapid 2021 (7.5)}) 10. O-O Be7 11. Be3 O-O 12. Nb3 $146 ({RR} 12. Re1 Re8 13. Nb3 Be6 14. Bf2 Qd7 15. Qd2 Rad8 16. Rad1 Qc8 17. Nb5 b6 18. N5d4 Bd7 19. Nxc6 Qxc6 20. Nd4 Qc8 21. c3 h6 22. Bf1 Nh7 23. h4 Nf8 24. Bd3 Ba4 25. Rc1 Bf6 26. Rxe8 Rxe8 {½-½ Safarli,E (2644)-Tregubov,P (2611) RUS-chT 20th 2013 (4)}) ({RR} 12. Kh1 Re8 13. Qd2 Rc8 14. Bg1 Ne5 15. Rab1 a6 16. Rfe1 Nc4 17. Qd3 Bc5 18. b3 Ne5 19. Rxe5 Rxe5 20. f4 Re8 21. Nxd5 Nxd5 22. Bxd5 Bh3 23. c4 Qf6 24. Rd1 Re7 25. Nf3 Bxg1 26. Kxg1 Bg4 {0-1 Crispin Ferreras,D (2113)-Antoniou,R (2036) Titled Tue 26th Mar Late 2024 (9)}) ({RR} 12. Bf2 Rc8 13. Nb3 b6 14. a3 Ne5 15. Ne2 Re8 16. Re1 Qc7 17. Nf4 Rcd8 18. Nd4 Bd6 19. b3 a6 20. Bf1 Bc8 21. Kg2 h6 22. Qd2 Bb7 23. a4 Bc5 24. Nd3 Ne4 25. Qf4 Nxf2 26. Rxe5 Rxe5 {1-0 Smederevac,P-Adamski,J Rubinstein Memorial-08 1970 (1)}) 12... Re8 13. Bf2 Ne5 14. Re1 Bb4 15. Qd4 Nc6 16. Qd3 Ne5 17. Qd4 Nc4 18. a3 Rxe1+ 19. Rxe1 Ba5 20. Nxa5 Qxa5 21. Na2 b6 22. Nb4 Nd6 23. g4 Be6 24. Bf1 Qa4 25. b3 Qd7 26. a4 Rc8 27. Ba6 Rc7 28. Bg3 h6 29. c4 Rc5 30. Nd3 Ra5 31. Bb5 Qc7 32. Rc1 Qe7 33. b4 Nxb5 34. axb5 Ra4 35. c5 bxc5 36. Qxc5 Qe8 37. Ne5 d4 38. Nc6 d3 39. Qc3 Bd5 40. Qxd3 Ra2 41. Bf2 Qd7 42. Ne7+ Qxe7 43. Rc8+ Ne8 44. Qxd5 Ra1+ 45. Kg2 Kh7 46. Qd3+ g6 47. Qe3 Qxe3 48. Bxe3 Nd6 49. Rb8 g5 50. Bc5 Nc4 51. Rb7 Ra2+ 52. Kf1 Rxh2 53. Rxa7 Nd2+ 54. Ke1 Nxf3+ 55. Kd1 Ne5 56. Re7 Nc4 57. b6 Nxb6 58. Bxb6 Kg6 59. Re2 Rh4 60. Re4 Rh3 61. Bc5 h5 62. gxh5+ Kxh5 63. b5 Rc3 64. Be7 g4 65. b6 g3 66. Ke2 Rc2+ 67. Kf1 f5 68. Rh4+ Kg6 69. b7 1-0

[Event "45th Olympiad 2024"]
[Site "Budapest HUN"]
[Date "2024.09.18"]
[Round "7.31"]
[Board "4"]
[White "Chia, Yu Zhe Ashton"]
[Black "Blackburn, Jonathan L B"]
[Result "1-0"]
[WhiteElo "2224"]
[BlackElo "2202"]
[PlyCount "91"]
[EventDate "2024.09.11"]
[WhiteTeam "Singapore"]
[BlackTeam "Wales"]
[WhiteTeamCountry "SIN"]
[BlackTeamCountry "WLS"]

1. e4 e6 2. d3 d5 3. Nd2 Nf6 4. Ngf3 Be7 5. g3 a5 6. Bg2 a4 7. a3 c5 8. O-O Nc6 9. Re1 h6 10. c3 ({RR} 10. e5 Nh7 11. Nf1 O-O 12. h4 Kh8 13. N1h2 b5 14. d4 b4 15. axb4 Nxb4 16. c3 Nc6 17. Rxa4 Rxa4 18. Qxa4 Qb6 19. Ng4 Bd7 20. dxc5 Bxc5 21. Qc2 Rc8 22. b4 Be7 23. Be3 Qb8 24. Qd2 h5 {1-0 Rapport,R (2731)-Shimanov,A (2578) World Blitz 2023 (16.11)}) 10... O-O 11. e5 Nh7 12. Nf1 $146 ({RR} 12. h4 f6 13. d4 f5 14. Nf1 Bd7 15. Be3 c4 16. Qd2 Be8 17. Bxh6 gxh6 18. Qxh6 Bf7 19. Ne3 Kh8 20. Bh3 Rg8 21. Nxf5 exf5 22. Bxf5 Rg7 23. e6 Bg8 24. g4 Qf8 25. Kf1 Qf6 26. Qh5 Bd6 {0-1 Minnekhanov,E (1750)-Akhilbay,I (2279) FIDE World Rapid Team 2024 (2.46)}) 12... Bd7 13. d4 Na5 14. Bf4 Ng5 15. dxc5 Nb3 16. Rb1 Nxf3+ 17. Qxf3 Bg5 18. h4 Bxf4 19. Qxf4 Nxc5 20. Rbd1 Bb5 21. Qb4 Bxf1 22. Qxc5 Bc4 23. f4 Ra5 24. Qf2 Rb5 25. Rd2 Qb6 26. Bh3 Qxf2+ 27. Kxf2 Rc8 28. Rh1 Rc6 29. Ke3 f5 30. g4 d4+ 31. Rxd4 Rxb2 32. gxf5 Bd5 33. Rc1 Rh2 34. Bf1 Rxh4 35. c4 g5 36. fxg5 hxg5 37. Rcd1 Rxd4 38. Rxd4 Bh1 39. f6 Rb6 40. Rd8+ Kf7 41. Rd7+ Kf8 42. Rh7 Rb3+ 43. Kd4 Bc6 44. Bd3 g4 45. Bg6 Rh3 46. Rc7 1-0

[Event "45th Olympiad 2024"]
[Site "Budapest HUN"]
[Date "2024.09.18"]
[Round "7.32"]
[Board "1"]
[White "Ben Ammar, Mohamed"]
[Black "Vandenbussche, Thibaut"]
[Result "0-1"]
[WhiteElo "2143"]
[BlackElo "2461"]
[PlyCount "126"]
[EventDate "2024.09.11"]
[WhiteTeam "Tunisia"]
[BlackTeam "Belgium"]
[WhiteTeamCountry "TUN"]
[BlackTeamCountry "BEL"]

1. d4 d6 2. c4 e5 3. Nc3 exd4 4. Qxd4 Nc6 5. Qd2 a5 6. b3 Nf6 7. Bb2 a4 8. Nd5 Be7 9. f3 O-O 10. Nxe7+ Qxe7 11. e4 Nd7 $146 ({RR} 11... axb3 12. axb3 Rxa1+ 13. Bxa1 Nd7 14. Ne2 f5 15. Nc3 Nc5 16. Nd5 Qf7 17. Qc2 fxe4 18. b4 Ne6 19. fxe4 Nf4 20. Qd2 Be6 21. b5 Bxd5 22. cxd5 Ra8 23. Bc3 Ne5 24. Bxe5 dxe5 25. Qb2 Ng6 26. Bd3 {0-1 Prudnikova,S (2315)-Sheremetieva,M (2170) URS-ch (Women) 1989}) 12. Ne2 Nc5 13. b4 Nxb4 14. Nf4 Qg5 15. g3 Nc6 16. Nd5 Qxd2+ 17. Kxd2 Na6 18. g4 f6 19. Be2 Rf7 20. Rhg1 Nc5 21. Rab1 Ne5 22. Ba3 Ra6 23. h4 c6 24. Ne3 Ra5 25. Kc3 Ne6 26. Bb4 Nf4 27. Bd1 Ra8 28. Bxd6 Be6 29. g5 Rd7 30. c5 Kf7 31. a3 b5 32. h5 h6 33. gxf6 gxf6 34. Rb2 Rb7 35. Rg3 Nxh5 36. Rg1 Nf4 37. Rh1 Rh8 38. Rh4 Nfd3 39. Rb1 b4+ 40. axb4 a3 41. f4 a2 42. Ra1 Ra8 43. Nc2 Nxb4 44. fxe5 Nxc2 45. Bxc2 Ra3+ 46. Kd2 Rg3 47. Rh2 Rb4 48. exf6 Rd4+ 49. Ke2 Rc3 50. Ke1 Bc4 51. Rd2 Re3+ 52. Kd1 Rxd2+ 53. Kxd2 Re2+ 54. Kc3 Be6 55. Be5 h5 56. Rg1 Rg2 57. Ra1 h4 58. Bb3 h3 59. Rf1 Rf2 60. Bxe6+ Kxe6 61. Ra1 Kxe5 62. f7 h2 63. Rxa2 Rf3+ 0-1

[Event "45th Olympiad 2024"]
[Site "Budapest HUN"]
[Date "2024.09.18"]
[Round "7.32"]
[Board "2"]
[White "Maerevoet, Sim"]
[Black "Meftahi, Houssem"]
[Result "0-1"]
[WhiteElo "2432"]
[BlackElo "2112"]
[PlyCount "100"]
[EventDate "2024.09.11"]
[WhiteTeam "Belgium"]
[BlackTeam "Tunisia"]
[WhiteTeamCountry "BEL"]
[BlackTeamCountry "TUN"]

1. c4 e6 2. Nf3 d5 3. g3 Nf6 4. Bg2 Bd6 5. d4 c6 6. b3 Nbd7 7. Bb2 Qa5+ ({RR} 7... b6 8. O-O Bb7 9. Nc3 O-O 10. Nd2 Re8 11. e4 dxe4 12. Ndxe4 Nxe4 13. Nxe4 Be7 14. Qc2 Nf6 15. Rad1 Rc8 16. Rfe1 Nxe4 17. Bxe4 g6 18. a3 Bf6 19. b4 Bg7 20. a4 Re7 21. Re3 Rd7 22. Red3 {1-0 Mareco,S (2661)-Gonzalez,R (2451) Guatemala op 2019 (3)}) 8. Nbd2 Ba3 $146 ({RR} 8... dxc4 9. bxc4 e5 10. c5 Be7 11. dxe5 Ne4 12. O-O Nxd2 13. Nxd2 Nxc5 14. Nc4 Qb4 15. Nd6+ Bxd6 16. Qxd6 Qxb2 17. Qxc5 Qb6 18. Qd6 Qd8 19. Rad1 Qxd6 20. exd6 Be6 21. Rd2 O-O-O 22. e4 Rhe8 23. e5 {1-0 Euwe,M-Landau,S Match Euwe-Landau +3-1=2 1931 (6)}) ({RR} 8... Ne4 9. O-O O-O 10. Nxe4 dxe4 11. Nd2 f5 12. c5 Bb8 13. f3 exf3 14. Bxf3 f4 15. Nc4 Qd8 16. Nd6 fxg3 17. hxg3 Qg5 18. Kg2 Nf6 19. e4 Bxd6 20. cxd6 Bd7 21. Qe2 Qa5 22. a3 c5 23. b4 {1-0 Chukhno,I (2261)-Ganiev,T (1967) Ekaterinburg UrFO-ch 2008 (8)}) ({RR} 8... Ne4 9. O-O Ndf6 10. Nxe4 Nxe4 11. a3 Bd7 12. Ne1 Nd2 13. b4 Bxb4 14. axb4 Qxb4 15. Nd3 Qb3 16. Qxb3 dxc4 17. Nc5 {1-0 Suc,T (2042)-Savli,M (1657) Nova Gorica op-A 16th 2011 (2)}) 9. Qc1 Bxb2 10. Qxb2 O-O 11. O-O Re8 12. b4 Qd8 13. Rfc1 b6 14. cxd5 exd5 15. e3 Bb7 16. Rc2 Rc8 17. a4 Nb8 18. Ne5 Nfd7 19. Nd3 Nf8 20. Rac1 Re7 21. Bh3 Ne6 22. Nf3 Qe8 23. Qa3 Rd8 24. b5 Rc7 25. bxc6 Rxc6 26. Nde5 Rxc2 27. Rxc2 f6 28. Nd3 Nc6 29. Nb2 Nf8 30. Bg2 Na5 31. Nh4 Rc8 32. Rxc8 Qxc8 33. Nd3 g5 34. Nf3 Qd7 35. h4 Nc4 36. Qc3 h6 37. hxg5 hxg5 38. Nh2 Qxa4 39. Ng4 Qd1+ 40. Kh2 Qxg4 41. e4 Qh5+ 42. Kg1 Qd1+ 43. Kh2 Qd2 44. Qb3 Na5 45. Qb5 Bc6 46. Qb1 dxe4 47. Nb4 Qxd4 48. Qa2+ Kg7 49. Qa3 Bb7 50. Nc2 Qc5 0-1

[Event "45th Olympiad 2024"]
[Site "Budapest HUN"]
[Date "2024.09.18"]
[Round "7.32"]
[Board "3"]
[White "Taieb, Sahbi"]
[Black "Hovhannisyan, Mher"]
[Result "0-1"]
[WhiteElo "2118"]
[BlackElo "2414"]
[PlyCount "144"]
[EventDate "2024.09.11"]
[WhiteTeam "Tunisia"]
[BlackTeam "Belgium"]
[WhiteTeamCountry "TUN"]
[BlackTeamCountry "BEL"]

1. d4 d5 2. c4 e6 3. Nc3 a6 4. cxd5 exd5 5. Bf4 Nf6 6. e3 Bd6 7. Bg3 O-O 8. Bd3 Re8 9. Qc2 Nc6 10. Be2 Nb4 11. Qd1 ({RR} 11. Qb3 c5 12. Bxd6 Qxd6 13. dxc5 Qxc5 14. Nf3 Be6 15. Nd4 Nc6 16. Rd1 Nxd4 17. Rxd4 Ne4 18. Bf3 Rac8 19. O-O Nxc3 20. bxc3 b5 21. Rc1 Red8 22. Qd1 Rd7 23. h4 Qa3 24. Qd2 Rc4 25. Be2 Rc5 {½-½ Nakamura,H (2736)-Le,Q (2709) NIC Classic Prelim rapid 2021 (3)}) 11... Bf5 12. Rc1 Ne4 13. Bxd6 $146 ({RR} 13. a3 Nc6 14. Nf3 h6 15. Bxd6 Qxd6 16. O-O Nxc3 17. Rxc3 Be4 18. Nd2 Bf5 19. Qb3 b5 20. Nf3 Na5 21. Qb4 Nc4 22. b3 Nxa3 23. Qxd6 cxd6 24. Rfc1 Rec8 25. b4 Rxc3 26. Rxc3 Nc4 27. Ne1 a5 {0-1 Cramling,P (2437)-Garcia Martin,M (2342) European Women Blitz 2023 2024 (10.3)}) 13... cxd6 14. a3 Nxc3 15. Rxc3 Na2 16. Bf3 Nxc3 17. bxc3 Qa5 18. Qb3 Be4 19. Ne2 Qb5 20. Qa2 Rac8 21. O-O Qc4 22. Qb2 b5 23. Rc1 a5 24. h3 Rc7 25. Rd1 Rb8 26. Bxe4 dxe4 27. d5 Re8 28. Rd4 Qc5 29. Ng3 Rce7 30. a4 bxa4 31. Nxe4 a3 32. Qb3 Qc7 33. Nd2 Rc8 34. Rc4 Qb8 35. Qxa3 Rxc4 36. Nxc4 Ra7 37. Nxd6 h6 38. Nc4 Qb5 39. Qd6 Rd7 40. Qc6 Qxd5 41. Nxa5 Qxc6 42. Nxc6 Rc7 43. Nd4 Rxc3 44. g3 g6 45. Kg2 Kg7 46. Kf3 Kf6 47. Ne2 Ra3 48. Nd4 Ra2 49. Ne2 Ke5 50. Nd4 Kd5 51. h4 Kc4 52. Nc6 Ra6 53. Ne5+ Kd5 54. Nd3 Ra5 55. Nf4+ Kc4 56. g4 Kc3 57. h5 gxh5 58. Nxh5 Kd2 59. Ng3 Ke1 60. Ne4 Kf1 61. Kf4 Kg2 62. f3 Ra4 63. Kf5 Kxf3 64. Nd6 Ra5+ 65. Kf6 Ra6 66. Ke5 Rxd6 67. Kxd6 Kxg4 68. e4 h5 69. Ke5 h4 70. Kf6 Kf4 71. e5 h3 72. Kxf7 Kxe5 0-1

[Event "45th Olympiad 2024"]
[Site "Budapest HUN"]
[Date "2024.09.18"]
[Round "7.32"]
[Board "4"]
[White "Lenaerts, Lennert"]
[Black "Amdouni, Zoubaier"]
[Result "1-0"]
[WhiteElo "2300"]
[BlackElo "2151"]
[PlyCount "77"]
[EventDate "2024.09.11"]
[WhiteTeam "Belgium"]
[BlackTeam "Tunisia"]
[WhiteTeamCountry "BEL"]
[BlackTeamCountry "TUN"]

1. e4 c5 2. Nf3 Nc6 3. Bb5 g6 4. Bxc6 dxc6 5. d3 Bg7 6. h3 Nf6 7. Nc3 Nd7 8. Be3 e5 9. Qd2 h6 10. O-O b6 11. Nh2 Nf8 12. f4 exf4 13. Bxf4 Ne6 14. Bg3 Qg5 15. Qe1 Nd4 16. Nf3 ({RR} 16. Qf2 O-O 17. Bd6 Bxh3 18. Bf4 Qxg2+ 19. Qxg2 Bxg2 20. Kxg2 Nxc2 21. Rad1 Rad8 22. Rf2 Nb4 23. Rfd2 f5 24. Bg3 fxe4 25. dxe4 Rxd2+ 26. Rxd2 c4 27. Rd6 Rf6 28. Rd8+ Rf8 29. Rd6 Rf6 30. Rd8+ Rf8 {½-½ Amin,B (2707)-Wang,H (2737) Danzhou 10th 2019 (5)}) 16... Qe7 ({RR} 16... Nxf3+ 17. Rxf3 O-O 18. e5 Be6 19. Ne4 Qd8 20. Kh1 Qd4 21. b3 Qd7 22. Nf6+ Bxf6 23. Rxf6 Rae8 24. Qd2 Kg7 25. Raf1 Bf5 26. R1xf5 Qxf5 27. Rxf5 gxf5 28. Qf4 Re6 29. Bh4 Kg6 30. Bf6 Rfe8 31. Qg3+ {1-0 Gusain,H (2484)-Jihan Tejas Shah (2016) 43rd TCh-IND 2024 (6.4)}) 17. Qf2 $146 ({RR} 17. Qd2 Be6 18. e5 Bf5 19. Qf2 Rd8 20. Rae1 O-O 21. Ne4 Nxf3+ 22. Qxf3 Bxe4 23. Rxe4 Qe6 24. b3 Rd5 25. Kh1 Re8 26. Qe3 Kh7 27. Rf6 Qd7 28. Rd6 {½-½ Martin Barcelo,C (2008)-Mieles Palau,D (2384) Barcelona Sants op 21st 2019 (1)}) ({RR} 17. Nxd4 Bxd4+ 18. Kh1 Be6 19. e5 Bxc3 20. Qxc3 Qd7 21. a3 g5 22. Rf6 O-O-O 23. b4 cxb4 24. axb4 h5 25. Qa3 Kb8 26. Bf2 Qc7 27. Qb2 h4 28. d4 g4 29. hxg4 Rdg8 30. Rf4 h3 31. Kh2 hxg2+ {0-1 Herrera Aguilar,R (2076)-Zacarias Rodriguez,S (2133) 33rd Carlos Torre Mem 2023 (5.21)}) 17... O-O 18. Rae1 Be6 19. e5 f5 20. Nxd4 cxd4 21. Qxd4 Rad8 22. Qa4 b5 23. Qa6 b4 24. Na4 Rd5 25. Bf2 Rxe5 26. Rxe5 Bxe5 27. Re1 Qc7 28. Qxa7 Qd6 29. Qe3 Bh2+ 30. Kh1 Bd5 31. Qxh6 Bg3 32. Bc5 Qf6 33. Re7 Bf7 34. Qxf8+ Kxf8 35. Re6+ Kg7 36. Bf8+ Kxf8 37. Rxf6 Ke7 38. Rxc6 g5 39. Nc5 1-0